000 01445nam a2200301 a 4500
001 000048610
003 DO-SdBNP
005 20230707134034.0
008 190403s2017 dr acd 000 m spa d
020 _a9789945167900
040 _aDO-SdBNP
_bspa
_cBPMSU
082 _a382.7293
_bG934s 2017
_222
100 1 _aGuerrero, Daniel
245 1 3 _aLa sombra del libre comercio :
_bcambios dentro de la economía mundial /
_cDaniel Guerrero ; prólogo Jaime Estay.
260 _aSanto Domingo :
_bEditoria Búho,
_c2017.
300 _a338 p. :
_bil., retrs., gráf. ;
_c23 cm.
500 _aIncluye referencias bibliográficas y notas al pie de las páginas
500 _aIncluye datos biográficos del autor en las solapas
505 0 _aDedicatoria --
_tPrólogo --
_tIntroducción
_gCapítulo 1
_tPor la ruta del libre comercio --
_gCapítulo 2
_tImpacto de las asimetrías económicas --
_gCapítulo 3
_tObstáculos al comercio internacional --
_gCapítulo 4
_tEpílogo: ¿ Adiós a los mega-acuerdos comerciales --
_tAnexos
_tAnexos I: Bases programáticas de Donald Trump --
_tAnexos II: Organigrama de la OMC
_tAnexos III: Fragmento de documento de la CEPAL--
590 _aInventariado, 2023/VM
650 4 _aEconomía internacional
650 4 _aTratados comerciales
651 4 _aRepública Dominicana
_xComercio exterior
700 1 _aEstay, Jaime,
_epról.
900 _6
910 _aVMateo V. Control de calidad (BPMSU)
942 _2ddc
_cBK
999 _c14409
_d14409